Toutes les gares ferroviaires dans la Vienne - Statistiques

Statistiques générales
  • Ce quiz a été pris 7 fois
  • Le résultat moyen est 8 sur 24
Statistiques - réponses
Fréquentation annuelle Nom de la gare % Correct
685 948 Châtellerault
100%
216 255 Futuroscope
100%
3 850 352 Poitiers
100%
26 707 Chasseneuil-du-Poitou
71%
53 715 Montmorillon
57%
58 856 Vivonne
57%
21 999 Iteuil
29%
22 236 Ligugé
29%
60 306 Lusignan
29%
33 668 Lussac-les-Châteaux
29%
17 896 Rouillé
29%
22 870 Anché - Voulon
14%
34 472 Dangé-Saint-Romain
14%
36 798 Dissay
14%
1 283 Épanvilliers
14%
33 216 Jaunay-Clan
14%
3 347 Lathus-Saint-Rémy
14%
33 073 La Tricherie
14%
6 819 Les Ormes
14%
8 019 Mignaloux - Nouaillé
14%
41 095 Naintré
14%
10 941 Nerpuy
14%
50 595 Saint-Saviol
14%
12 393 Ingrandes sur Vienne
0%
Aucun quiz correspondant
Distribution des résultats
% des personnes avec chaque résultat
Percentile par nombre de réponses
Votre historique - résultats
Vous n’avez pas pris ce quiz